|
|
|
|
| LEADER |
00000cam a2200000 c 4500 |
| 001 |
1605673129 |
| 003 |
DE-627 |
| 005 |
20251225192436.0 |
| 007 |
tu |
| 008 |
920410s1992 xx ||||| 00| ||eng c |
| 020 |
|
|
|a 1856282783
|9 1-85628-278-3
|
| 035 |
|
|
|a (DE-627)1605673129
|
| 035 |
|
|
|a (DE-576)027976467
|
| 035 |
|
|
|a (DE-599)BSZ027976467
|
| 035 |
|
|
|a (OCoLC)26491446
|
| 035 |
|
|
|a (DE-604)806604667x
|
| 040 |
|
|
|a DE-627
|b ger
|c DE-627
|e rakwb
|
| 041 |
|
|
|a eng
|
| 082 |
0 |
|
|a 306.89
|
| 082 |
0 |
|
|a 346.4101/7
|
| 082 |
0 |
|
|a 344.10617
|
| 084 |
|
|
|a PU 4355
|2 rvk
|0 (DE-625)rvk/140567:
|
| 100 |
1 |
|
|a Goode, Steve
|4 aut
|
| 245 |
1 |
0 |
|a Children and divorce
|b the role of statutory supervision
|c Steve Goode
|
| 264 |
|
1 |
|a Aldershot [u.a.]
|b Avebury
|c 1992
|
| 300 |
|
|
|a XII, 119 S.
|
| 336 |
|
|
|a Text
|b txt
|2 rdacontent
|
| 337 |
|
|
|a ohne Hilfsmittel zu benutzen
|b n
|2 rdamedia
|
| 338 |
|
|
|a Band
|b nc
|2 rdacarrier
|
| 583 |
1 |
|
|a Archivierung prüfen
|c 20200919
|f DE-640
|z 1
|2 pdager
|
| 689 |
0 |
0 |
|d g
|0 (DE-588)4022153-2
|0 (DE-627)104665513
|0 (DE-576)208942076
|a Großbritannien
|2 gnd
|
| 689 |
0 |
1 |
|d s
|0 (DE-588)4013656-5
|0 (DE-627)106342487
|0 (DE-576)208904956
|a Ehescheidung
|2 gnd
|
| 689 |
0 |
2 |
|d s
|0 (DE-588)4030550-8
|0 (DE-627)104360100
|0 (DE-576)208988165
|a Kind
|2 gnd
|
| 689 |
0 |
|
|5 (DE-627)
|
| 936 |
r |
v |
|a PU 4355
|b Familienrecht
|k Rechtswissenschaft
|k Ausländisches Privatrecht, Privatrechtsvergleichung und -vereinheitlichung
|k Einzelne Länder
|k Großbritannien
|k Familienrecht
|0 (DE-627)1271446235
|0 (DE-625)rvk/140567:
|0 (DE-576)201446235
|
| 951 |
|
|
|a BO
|
| ELC |
|
|
|b 1
|
| LOK |
|
|
|0 000 xxxxxcx a22 zn 4500
|
| LOK |
|
|
|0 001 3114157696
|
| LOK |
|
|
|0 003 DE-627
|
| LOK |
|
|
|0 004 1605673129
|
| LOK |
|
|
|0 005 20151009142517
|
| LOK |
|
|
|0 008 920410||||||||||||||||ger|||||||
|
| LOK |
|
|
|0 040
|a DE-21
|c DE-627
|d DE-21
|
| LOK |
|
|
|0 852
|a DE-21
|
| LOK |
|
|
|0 852 1
|c KB 18 A 9296
|9 00
|
| LOK |
|
|
|0 935
|a krim
|
| LOK |
|
|
|0 939
|a 10-04-92
|b l01
|
| ORI |
|
|
|a SA-MARC-krimdoka001.raw
|
| SIG |
|
|
|a UB: KB 18 A 9296
|
| TIM |
|
|
|a 100017070101_100020261231
|b 1707 - 2026
|